Teoria geral do processo / (Record no. 669)

MARC details
000 -LÍDER
Campo Fixo de Controle 00992nam a2200289 a 4500
001 - NÚMERO DE CONTROLE
Campo de Controle 669
003 - IDENTIFICAÇÃO DO NÚMERO DE CONTROLE
Campo de Controle BR-CuiBMT
005 - DATA E HORA DA ÚLTIMA ATUALIZAÇÃO
Campo de Controle 20231113155951.0
008 - DADOS FIXOS
Dados Fixos 231110s2013 spb 000 0 por d
020 ## - INTERNATIONAL STANDARD BOOK NUMBER
Nº do ISBN 8539201658
040 ## - AGÊNCIA CATALOGADORA
Código da Agência Catalogadora BR-CuiBMT
Agência que transcreveu o registro BR-CuiBMT
080 ## - Nº DA CLASSIFICAÇÃO DECIMAL UNIVERSAL
Nº Class. CDU 347.9
Nº edição CDU 2007
090 ## - NÚMERO DE CHAMADA
Nº classificação 347.9
Cutter C575t
Ano/Edição 29. ed.
100 1# - ENTRADA PRINCIPAL -- AUTOR PESSOAL
Nome pessoal Cintra, Antônio Carlos de Araújo,
Datas associadas ao nome 1934-
245 10 - TÍTULO PRINCIPAL
Título principal Teoria geral do processo /
Indicação de responsabilidade Antonio Carlos de Araújo Cintra, Ada Pellegrini Grinover, Cândido Rangel Dinamarco ; prefácio, prof. Luís Eulálio de Bueno Vidigal.
250 ## - EDIÇÃO
Edição 29. ed.
260 ## - PUBLICAÇÃO, DISTRIBUIÇÃO, ETC.
Local de publicação São Paulo:
Editora Malheiros,
Data c2013.
300 ## - DESCRIÇÃO FÍSICA
N. páginas ou volumes 398 p.
Dimensões 21 cm
504 ## - NOTA DE BIBLIOGRAFIA, ETC.
Nota de bibliografia inclui bibliografia.
650 ## - ASSUNTO TÓPICO
Cabeçalho tópico ou nome geográfico Direito processual
Subdivisão geral Teoria geral
650 ## - ASSUNTO TÓPICO
Cabeçalho tópico ou nome geográfico Direito trabalhista
Subdivisão geográfica Brasil
650 ## - ASSUNTO TÓPICO
Cabeçalho tópico ou nome geográfico Direito penal
Subdivisão geral Brasil
650 ## - ASSUNTO TÓPICO
Cabeçalho tópico ou nome geográfico Direito civil
Subdivisão geográfica Brasil
700 ## - ENTRADA SECUNDÁRIA -- NOME PESSOAL
Nome pessoal Grinover, Ada Pellegrini,
Datas associadas ao nome 1933-2017
Cód. do termo explicativo autora
700 ## - ENTRADA SECUNDÁRIA -- NOME PESSOAL
Nome pessoal Dinamarco, Cândido Rangel,
Datas associadas ao nome 1937-
Cód. do termo explicativo autor
942 ## - ELEMENTOS DE ENTRADA ADICIONAIS (KOHA)
Fonte de classificação ou esquema de arquivamento Classificação Decimal Universal
Tipo de item do Koha Livros
Holdings
Estado: removido Estado: perdido Fonte de classificação ou esquema de arquivamento Estado: danificado Indisponível para empréstimo Localização permanente Localização atual Data de aquisição Total Checkouts Número de Chamada completo Código de barras Date last seen Número do exemplar Preço efetivo a partir de Tipo de item (Koha)
    Classificação Decimal Universal     Biblioteca da Escola Superior de Contas do TCE/MT Biblioteca da Escola Superior de Contas do TCE/MT 02/04/2013   347.9 C575t 29. ed. BIBTCEMT23110508 13/11/2023 Ex. 1 13/11/2023 Livros

Powered by Koha